Mixed Word: 5 Letter A-Z I Quiz Stats

 Plays Quiz Updated Feb 15, 2012

Challenge
Share
Tweet
Embed
Score 0/26 Timer 02:00
0 Plays Today
Mixed Word Answer % Correct
ZALEBBLAZE
94.3%
KERYJJERKY
87.7%
PHROMMORPH
83.3%
YAKKAKAYAK
82%
LACNGCLANG
79.9%
DULICLUCID
74.4%
TAQUOQUOTA
74.1%
DEXIOOXIDE
73.9%
YPHNMNYMPH
73.8%
GYYMPPYGMY
72.9%
XONEXEXXON
71.4%
RACEFFARCE
67.3%
DIGLUGUILD
67.2%
Mixed Word Answer % Correct
LECIRRELIC
61.8%
KEDARDRAKE
58.7%
KEWRCWRECK
55.7%
GNYOUYOUNG
53.1%
NOMIAAMINO
50.1%
TOTARTAROT
49.5%
RYATSSATYR
42%
DARYHHYDRA
40.1%
CIALIILIAC
36.8%
RALTUULTRA
35.3%
LIVARVIRAL
34.8%
DIZOSZOIDS
21.6%
SAXOHXHOSA
6.1%

You're not logged in!

Compare scores with friends on all Sporcle quizzes.
Join for Free
OR
Log In

You Might Also Like...

Show Comments

Extras

Top Quizzes Today


Score Distribution

Your Account Isn't Verified!

In order to create a playlist on Sporcle, you need to verify the email address you used during registration. Go to your Sporcle Settings to finish the process.

Report this User

Report this user for behavior that violates our Community Guidelines.

Details: